| 000 | 00665nam a2200169 a 4500 | ||
|---|---|---|---|
| 001 | 000042547 | ||
| 005 | 20201002040228.0 | ||
| 008 | 131211s1991 sp 000 0 spa d | ||
| 040 |
_aDO-SdBNP _bspa _cBNPHU |
||
| 082 |
_axxx _bxxx |
||
| 100 | 1 |
_aRodríguez Adrados, Francisco _d1922- _969787 |
|
| 245 | 1 | 0 |
_aAlabanza y Vituperio de la Lengua. : _bdiscurso leído el día 28 de abril del 1991, en su recepción pública / _cFrancisco Rodríguez Adrados ; constestación Emilio alarcos Llorach. |
| 260 |
_aMadrid, : _bReal academia española, _c1991. |
||
| 300 |
_a85 cm. ; _c21 cm. |
||
| 590 | _aInventariado, 2019/ YL | ||
| 700 | 1 | 2 |
_aAlarcos Llorach, Emilio _econs. _927912 |
| 999 |
_c42036 _d42036 |
||